Hudson a caballo /
Este libro relata la vida y obra de Hudson en el Buenos Aires rural. Allí aparecen imágenes reales y crudas del enfrentamiento entre unitarios y federales, la época rosista, la campaña bonaerense, la vida y los personajes en estas pampas a principios y mediados del siglo XIX, complementadas con una...
Guardado en:
| Autor Principal: | |
|---|---|
| Otros Autores: | |
| Formato: | Libro |
| Idioma: | Undetermined |
| Publicado: |
Buenos Aires :
Leviatán,
2023.
|
| Edición: | 1a ed. |
| Series: | Identidades bonaerenses
|
| Materias: | |
| Etiquetas: |
Agregar Etiqueta
Sin Etiquetas, Sea el primero en etiquetar este registro!
|
| LEADER | 01685nam a22002775a 4500 | ||
|---|---|---|---|
| 001 | CEM.cems024865 | ||
| 008 | 250819s2023####ag############000#0#und#d | ||
| 005 | 20250822112901.0 | ||
| 245 | 1 | 0 | |a Hudson a caballo / |c Luis Franco ; prólogo de Horacio González. |
| 250 | |a 1a ed. | ||
| 260 | |a Buenos Aires : |b Leviatán, |c 2023. | ||
| 300 | |a 358 p. | ||
| 490 | 1 | |a Identidades bonaerenses | |
| 500 | |a Edición especial de la Dirección de Cultura y Educación de la Provincia de Buenos Aires. | ||
| 500 | |a Sugerencia de edad: a partir de ciclo orientado. Requiere acompañamiento docente. | ||
| 520 | |a Este libro relata la vida y obra de Hudson en el Buenos Aires rural. Allí aparecen imágenes reales y crudas del enfrentamiento entre unitarios y federales, la época rosista, la campaña bonaerense, la vida y los personajes en estas pampas a principios y mediados del siglo XIX, complementadas con una rigurosa descripción de la naturaleza, la fauna y la flora. Posee como agregado de interés un estudio crítico de Horacio González. Un recorrido a caballo por la región pampeana en forma de ensayo. Entretenido y lírico, se convierte en un notable antecedente del locro western. | ||
| 020 | |a 9789878967202 | ||
| 100 | 1 | |a Franco, Luis. | |
| 700 | 1 | |a González, Horacio; prol. | |
| 653 | |a Ensayo argentino | ||
| 653 | |a Historia argentina | ||
| 653 | |a Identidades bonaerenses | ||
| 859 | |a CEMS |b BIB. CEMS - Agricultura |h A864.4 |i F848 |p A3971.25 |t Ej.1 | ||
| 859 | |a CEMS |b BIB. CEMS - Ccias. Educacion |h A864.4 |i F848 |k CE |p 30266.25 |t Ej.1 | ||
| 859 | |a CEMS |b BIB. CEMS - 11 de abril |h A864.4 |i F848 |p 30264.25 |t Ej.1 | ||
| 859 | |a CEMS |b BIB. CEMS - 11 de abril |h A864.4 |i F848 |p 30265.25 |t Ej.2 | ||
